Horses of the Plains : and A Scout with the Buffalo-Soldiers /

Bibliographic Details
Main Author: Remington, Frederic, 1861-1909
Format: Book
Language:English
Published: Santa Barbara, Calif. : W. T. Genns, [between 1970 and 1979]
Subjects:

MARC

Tag First Indicator Second Indicator Subfields
LEADER 00000cam a2200000 i 4500
001 in00000023286
005 20190207093402.0
008 770322q19701977caua 00010 eng d
035 |a (OCoLC)02824048 
035 |9 AAD9665AM 
040 |a AZN  |c AZN  |d TXA  |d UtOrBLW 
049 |a TXAS  |c 1 [1700856], 2 [1700857] 
090 |a F596  |b .R428 
100 1 |a Remington, Frederic,  |d 1861-1909. 
245 1 0 |a Horses of the Plains :  |b and A Scout with the Buffalo-Soldiers /  |c written and illustrated by Frederic Remington. 
264 1 |a Santa Barbara, Calif. :  |b W. T. Genns,  |c [between 1970 and 1979] 
300 |a pages 332-343, pages 899-912 :  |b illustrations ;  |c 23 cm. 
336 |a text  |b txt  |2 rdacontent 
337 |a unmediated  |b n  |2 rdamedia 
338 |a volume  |b nc  |2 rdacarrier 
500 |a The Cushing Library/Chapman Texas Collection copy is part of the Floyd & Louise Chapman Texas & Borderlands Collection.  |5 TXA 
500 |a "Excerpts from The Century Magazine, 1888-1889." 
650 0 |a Horses  |z West (U.S.) 
650 0 |a Soldiers  |z West (U.S.) 
730 4 2 |a The Century illustrated monthly magazine. 
740 2 |a A Scout with the Buffalo-Soldiers. 
999 |a MARS 
999 f f |s 05570f97-9595-3a89-9a0a-bab47a9a188a  |i 3f17520b-b890-3691-86c1-c9b29029239e  |t 0 
952 f f |p noncirc  |a Texas A&M University  |b College Station  |c Cushing Memorial Library & Archives  |d Cushing: Kelsey Illustrators (Does not check out)  |t 0  |e F596 .R428  |h Library of Congress classification  |i unmediated -- volume  |m A14800345847 
952 f f |p noncirc  |a Texas A&M University  |b College Station  |c Cushing Memorial Library & Archives  |d Cushing: Chapman Texas Collection (Does not check out)  |t 0  |e F596 .R428  |h Library of Congress classification  |i unmediated -- volume  |m A14800345839 
998 f f |a F596 .R428  |t 0  |l Cushing: Kelsey Illustrators (Does not check out) 
998 f f |a F596 .R428  |t 0  |l Cushing: Chapman Texas Collection (Does not check out)